MARC

LEADER 00000nam0a2200000 4500
001 371399
005 20231102012356.0
035 |a (RuTPU)RU\TPU\retro\28809 
090 |a 371399 
100 |a 20221017d1978 m y0rusy50 ca 
101 0 |a rus 
102 |a RU 
105 |a a z 001zy 
200 1 |a Стачечная борьба рабочих Сибири в период империализма: хроника, статистика, историография  |f Н. В. Блинов, Д. М. Зольников, А. Е. Плотников [и др.] 
210 |a Томск  |c Изд-во Томского ун-та  |d 1978 
215 |a 324 с.  |c ил. 
320 |a Библиогр.: с. 316-321 
320 |a Список принятых сокращений: с. 322 
606 1 |a Стачки в Сибири  |x История  |2 stltpush  |3 (RuTPU)RU\TPU\subj\67187  |9 83070 
610 1 |a Сибирь 
610 1 |a империализм 
610 1 |a стачечное движение 
610 1 |a статистика 
610 1 |a статистические показатели 
610 1 |a хроника 
610 1 |a 19 век 
610 1 |a 20 век 
686 |a Т3(253)-4  |v LBC/SL-A  |2 rubbk 
701 1 |a Блинов  |b Н. В.  |g Николай Васильевич 
701 1 |a Зольников  |b Д. М.  |g Дмитрий Маркович 
701 1 |a Плотников  |b А. Е.  |g Александр Ермолаевич 
701 1 |a Толочко  |b А. П.  |g Анатолий Павлович 
701 1 |a Зиновьев  |b В. П.  |g Василий Павлович 
701 1 |a Скубневский  |b В. А.  |g Валерий Анатольевич 
801 1 |a RU  |b 63413507  |c 20221017 
942 |c BK